<?xml version="1.0" encoding="UTF-8"?><marc:collection xmlns:marc="http://www.loc.gov/MARC21/slim">
  <marc:record>
    <marc:leader>00000nem##2200000za#4500</marc:leader>
    <marc:controlfield tag="001">9.616065</marc:controlfield>
    <marc:controlfield tag="003">CaOODSP</marc:controlfield>
    <marc:controlfield tag="005">20230131161134</marc:controlfield>
    <marc:controlfield tag="007">aj |a|||</marc:controlfield>
    <marc:controlfield tag="008">150406|2001||||xxc||||   a##f  |   eng|d</marc:controlfield>
    <marc:datafield tag="040" ind1=" " ind2=" ">
      <marc:subfield code="a">CaOODSP</marc:subfield>
      <marc:subfield code="b">eng</marc:subfield>
    </marc:datafield>
    <marc:datafield tag="043" ind1=" " ind2=" ">
      <marc:subfield code="a">n-cn---</marc:subfield>
    </marc:datafield>
    <marc:datafield tag="086" ind1="1" ind2=" ">
      <marc:subfield code="a">M48-1973AE</marc:subfield>
    </marc:datafield>
    <marc:datafield tag="110" ind1="2" ind2=" ">
      <marc:subfield code="a">Geological Survey of Canada.</marc:subfield>
    </marc:datafield>
    <marc:datafield tag="245" ind1="1" ind2="0">
      <marc:subfield code="a">Surficial geology, Grinnell Peninsula, Devon Island, Nunavut / </marc:subfield>
      <marc:subfield code="h">[cartographic material]</marc:subfield>
      <marc:subfield code="c">Geology based on field work by A.S. Dyke, 1993 and 1994, and by Clas Hettestrand and Arjen Stroven, 1994 (Baillie-Hamilton Island), and on airphoto interpretation. </marc:subfield>
    </marc:datafield>
    <marc:datafield tag="250" ind1=" " ind2=" ">
      <marc:subfield code="a">Scale 1:250,000</marc:subfield>
    </marc:datafield>
    <marc:datafield tag="260" ind1=" " ind2=" ">
      <marc:subfield code="a">Ottawa - Ontario : </marc:subfield>
      <marc:subfield code="b">Natural Resources Canada. </marc:subfield>
      <marc:subfield code="c">2001.</marc:subfield>
    </marc:datafield>
    <marc:datafield tag="300" ind1=" " ind2=" ">
      <marc:subfield code="a">1 sheet. : </marc:subfield>
      <marc:subfield code="b">coloured map ; </marc:subfield>
      <marc:subfield code="c">93 cm.</marc:subfield>
    </marc:datafield>
    <marc:datafield tag="490" ind1="1" ind2=" ">
      <marc:subfield code="a">"A" series map</marc:subfield>
    </marc:datafield>
    <marc:datafield tag="590" ind1=" " ind2=" ">
      <marc:subfield code="a">02-41</marc:subfield>
      <marc:subfield code="b">2002-10-11</marc:subfield>
    </marc:datafield>
    <marc:datafield tag="720" ind1="1" ind2=" ">
      <marc:subfield code="a">Dyke, A. S</marc:subfield>
    </marc:datafield>
    <marc:datafield tag="830" ind1="#" ind2="0">
      <marc:subfield code="a">Geological Survey of Canada, "A" series map.</marc:subfield>
      <marc:subfield code="w">(CaOODSP)9.515061</marc:subfield>
    </marc:datafield>
    <marc:datafield tag="986" ind1=" " ind2=" ">
      <marc:subfield code="a">Map 1973A</marc:subfield>
    </marc:datafield>
  </marc:record>
</marc:collection>
